000 00834cab a2200253 4500
001 WB3031-48
008 090401t1994 xxu||||| |||| 00| 0 eng d
035 _a(Sirsi) u30232
041 _aeng
245 _aArgument over holes in the ground
260 _c1994
350 _a0
490 _aFinancial Times
_v9 August 1994, 8(2)
520 _aThe debate surrounding Nottinghamshire CC`s planning process for quarrying and aggregates extraction provides a fine example of the political and environmental arguments stirred by the economic decision to exploit resources.
650 _aAGGREGATES
650 _aENVIRONMENTAL IMPACT
650 _aMINERAL EXTRACTION
650 _aPLANNING ISSUES
650 _aQUARRYING
650 _aSAND AND GRAVEL
690 _aMINING AND MINERALS
942 _n0
948 _c04/03/1997
999 _c20370
_d20370